000 00657nam a2200229Ia 4500
005 20231128112758.0
008 131103s9999 xx 000 0 und d
020 _a8186706313
_cRs.220
040 _aLoreto College
041 _aEnglish
082 _a396
_bNAI
100 _aNair,Janaki
245 _aWomen and law in colonial India
_b a social history
_cJanaki Nair
260 _aNew Delhi
_bKali For Women
_c1996 (2000 printing)
300 _ax,265 p.
504 _aIncludes bibliograpical references
630 _aIndian Women's Right - British Period
650 _aWomen's Right
651 _aWomen Studies
850 _aLCLIB
942 _cBK
999 _c11386
_d61865